The resurrection of Jesus of Nazareth. (Record no. 7602)

000 -LEADER
fixed length control field 00607nam a2200181 a 4500
001 - CONTROL NUMBER
control field :::00005363$&:&@@
003 - CONTROL NUMBER IDENTIFIER
control field OkBaRHE
005 - DATE AND TIME OF LATEST TRANSACTION
control field 20000607103325.0
008 - FIXED-LENGTH DATA ELEMENTS--GENERAL INFORMATION
fixed length control field s1971 j 000 0 eng u
040 ## - CATALOGING SOURCE
Transcribing agency
100 1# - MAIN ENTRY--PERSONAL NAME
Personal name Marxsen, Willi, 1919-
245 14 - TITLE STATEMENT
Title The resurrection of Jesus of Nazareth.
Statement of responsibility, etc Translated from the German by Margaret Hohl.
260 ## - PUBLICATION, DISTRIBUTION, ETC. (IMPRINT)
Place of publication, distribution, etc Philadelphia, PA., :
Name of publisher, distributor, etc Fortress Press
Date of publication, distribution, etc 1971
300 ## - PHYSICAL DESCRIPTION
Extent 191 p. ;
Dimensions 23 cm.
650 ## - SUBJECT ADDED ENTRY--TOPICAL TERM
Topical term or geographic name as entry element Jesus Christ
General subdivision Resurrection
942 ## - ADDED ENTRY ELEMENTS (KOHA)
Source of classification or shelving scheme
Koha item type Books
Copies
Lost status Date acquired Koha item type Withdrawn status Price effective from Source of classification or shelving scheme Shelving location Not for loan Date last seen Full call number Permanent Location Damaged status Barcode Copy number
 2010-04-14Books 2010-04-14 General Stacks 2010-04-14BT 481 .M3713RHEMA Bible Training College 53631